| 000 | 00359cam a22001217a 4500 | ||
|---|---|---|---|
| 008 | 180718b1963 xxu||||| |||| 00| 0 eng d | ||
| 082 | _aP R415 | ||
| 100 | _aRichmond, W. Kenneth | ||
| 245 |
_aCulture and general education: a survey _cby W. Kenneth Richmond |
||
| 260 |
_aLondon _bMethuen _c1963 |
||
| 300 | _a184p | ||
| 650 | _aEducational tests and measurements | ||
| 999 |
_c430246 _d430246 |
||